000 00280nam a2200121Ia 4500
008 240624s9999 xx 000 0 und d
041 _aeng
082 _a823 MAN
100 _aMANWANI AKSHAY
245 _aPEOPLES POET
260 _c2013
_aNew Delhi
_bHarper Collins
365 _cRS
999 _c24434
_d24434